000 00526nam a2200217Ia 4500
003 OSt
005 20230425150229.0
008 210423s2002 xx 000 0 und d
020 _a152163239
040 _cAL
041 _aeng
082 _a574 TAYD
100 _aTAYLOR (D J);others.
_992759
245 _aBiological science.
260 _aCambridge
_bCambridge University Press
_c2002
300 _aviii,984
_bPB
365 _cINR
650 _aBiology
_992760
906 _aBiological ; science
942 _2ddc
_cBK
999 _c162682
_d162682